000 00757nam a2200289Ia 4500
005 20260324150528.0
008 008 260324s9999 xx 000 0 eng d
020 _a9780203436325
037 _aEBOOK
040 _aCRL
040 _beng
040 _cCRL
041 _2eng
041 _aeng
084 _qCRL
100 _aE. Trist; G. Higgin; H. Murray; A. Pollock
_91226735
245 0 _aOrganizational Choice (RLE: Organizations)
245 0 _bCapabilities of Groups at the Coal Face Under Changing Technologies
260 _bTaylor and Francis
260 _c1963
365 _a
365 _b240
856 _uhttp://www.taylorfrancis.com/books/9780203436325
942 _cEBOOK
999 _c1836332
_d1836332